| 000 | 01285nam a22003617a 4500 | ||
|---|---|---|---|
| 003 | CHAP | ||
| 005 | 20251003131934.0 | ||
| 008 | 971013s1993 r 00010 d | ||
| 010 | _a7901 | ||
| 011 | _a8873 | ||
| 035 | _a8105 | ||
| 040 | _cCHAP | ||
| 090 | _aTesis | ||
| 100 | 1 | 0 |
_aLara García, José Omar _964840 |
| 245 |
_aProceso evaporativo del jugo de naranja _b: desarrollo y simulación del modelo matemático |
||
| 260 |
_aChapingo, Méx. : _bEl autor, _c1993 |
||
| 300 |
_a126 h. _b: ilus. ; gráfs. _e+ anexo |
||
| 502 | _aTesis (Ing. Agroindustrial) -- UACH. Departamento de Ingeniería Agroindustrial | ||
| 590 |
_aALEPH _b10 _c20130110 _lUCH01 _h1220 |
||
| 590 |
_aBATCH-UPD _b10 _c20130110 _lUCH01 _h0214 |
||
| 590 |
_aBATCH-UPD _b10 _c20130110 _lUCH01 _h1121 |
||
| 590 |
_aBATCH-UPD _b10 _c20130409 _lUCH01 _h2231 |
||
| 590 |
_aBATCH-UPD _b10 _c20130410 _lUCH01 _h1441 |
||
| 590 |
_aBATCH-UPD _b10 _c20130914 _lUCH01 _h1706 |
||
| 590 |
_aCONVERSION _b10 _c20130109 _lUCH01 _h1305 |
||
| 650 | 1 | 4 |
_aJugo de naranja. _962290 |
| 650 | 1 | 4 |
_aModelos matemáticos. _976419 |
| 700 | 1 |
_aVelázquez Castillo, Alejandra _9118517 |
|
| 710 | 0 | _aUACH. Departamento de Ingeniería Agroindustrial. | |
| 901 | _aBK | ||
| 942 | _cTESIS | ||
| 949 |
_bBC _cTES _d-18240 _eTS1 _h26091 _i8105 _si |
||
| 999 |
_c7901 _d7901 |
||